000 00666nam a2200193Ia 4500
003 GCL
008 140319s9999 xx 000 0 ara d
040 _aGCL /
_cGCL
082 0 4 _a940.18
_bح م
100 1 _aحسن عبدالوهاب حسين
245 1 0 _aمقالات وبحوث فى التاريخ الاجتماعى للحروب الصليبية /
_cحسن عبدالوهاب حسين
300 _a330 ص
490 _aدراسات فى تاريخ الحروب الصليبية
_v0
650 0 4 _aالحروب الصليبية
650 0 4 _aالصليبيون
650 0 4 _aالتاريخ الاسلامى
650 0 4 _aالتاريخ
942 _2ddc
_cBK
999 _c49192
_d49192